| 000 | 00479nam a2200193 a 4500 | ||
|---|---|---|---|
| 001 | 1518 | ||
| 003 | CO-ViMGA | ||
| 008 | 141112s2004 ck r 000 u spa d | ||
| 040 |
_aCO-ViMGA _bspa _cCO-ViMGA |
||
| 082 | 0 | 4 | _a616.8917 F765e |
| 100 | 1 | _aFromm, Erich | |
| 245 | 1 | 0 | _aética y psicoanálisis |
| 260 |
_aMexico : _bFondo de Cultura Económica, _c1997 |
||
| 300 | _a278 p | ||
| 490 | _aBreviarios, 74 | ||
| 650 | 1 | 4 | _aética |
| 650 | 1 | 4 | _aPSICOANALISIS |
| 942 |
_2ddc _cBK |
||
| 999 |
_c13705 _d13705 |
||